|
|
|
|
| LEADER |
00937nam a22002417a 4500 |
| 001 |
41198 |
| 003 |
BD-DhAAL |
| 008 |
230518t2002 ko ||||| |||| 00| 0 kor d |
| 020 |
|
|
|a 8984743240
|
| 020 |
|
|
|a 9788984743243
|
| 040 |
|
|
|a BD-DhAAL
|c BD-DhAAL
|
| 082 |
|
|
|a 769.92
|
| 100 |
|
|
|a Park, Jaehee.
|9 54269
|
| 245 |
|
|
|a Sun Tzu's art of war and the 21st century 1 /
|c Jaehee Park.
|
| 260 |
|
|
|a Ebs Korea :
|b Educational Broadcasting System,
|c 2002.
|
| 300 |
|
|
|a 259 pages ;
|c 22 cm.
|
| 541 |
|
|
|a Complimentary copy from Dr. Sang Hoon Lee, Dean of Brac Business School, Brac University
|e 41198
|
| 650 |
|
|
|a War in art.
|9 54270
|
| 650 |
|
|
|a Art and war.
|9 54271
|
| 852 |
|
|
|a Ayesha Abed Library
|c General Stacks
|
| 942 |
|
|
|2 ddc
|c BK
|
| 999 |
|
|
|c 45770
|d 45770
|
| 952 |
|
|
|0 0
|1 0
|2 ddc
|4 0
|6 769_920000000000000_PAR
|7 0
|9 73648
|a BRACUL
|b BRACUL
|c GEN
|d 2023-05-18
|e Complimentary copy from Dr. Sang Hoon Lee
|l 0
|o 769.92 PAR
|p 3010041198
|r 2023-05-18
|t 1
|w 2023-05-18
|y BK
|